Remapping Ethiopia (Record no. 8840)

MARC details
000 -LEADER
fixed length control field 00503nam a22001817a 4500
003 - CONTROL NUMBER IDENTIFIER
control field OSt
005 - DATE AND TIME OF LATEST TRANSACTION
control field 20240625151050.0
008 - FIXED-LENGTH DATA ELEMENTS--GENERAL INFORMATION
fixed length control field 240625b |||||||| |||| 00| 0 eng d
020 ## - INTERNATIONAL STANDARD BOOK NUMBER
International Standard Book Number 9780821414484
040 ## - CATALOGING SOURCE
Transcribing agency MUST
082 ## - DEWEY DECIMAL CLASSIFICATION NUMBER
Classification number 963.7 REM 2000
100 ## - MAIN ENTRY--PERSONAL NAME
Personal name Donald James
9 (RLIN) 17863
245 ## - TITLE STATEMENT
Title Remapping Ethiopia
Remainder of title Socialism and after/
Statement of responsibility, etc. edited by Wendy James ...(et al)
300 ## - PHYSICAL DESCRIPTION
Extent xi,306p
Other physical details ill.
Dimensions 22cm
504 ## - BIBLIOGRAPHY, ETC. NOTE
Bibliography, etc Bibliographies and indexes included
650 ## - SUBJECT ADDED ENTRY--TOPICAL TERM
Source of heading or term History
942 ## - ADDED ENTRY ELEMENTS (KOHA)
Source of classification or shelving scheme Dewey Decimal Classification
Koha item type Open Shelf
Holdings
Withdrawn status Lost status Source of classification or shelving scheme Damaged status Not for loan Home library Current library Date acquired Source of acquisition Inventory number Total Checkouts Full call number Barcode Date last seen Price effective from Koha item type
    Dewey Decimal Classification     MUST Main Library MUST Main Library 25/06/2024 purchase 03/18179   963.7 REM 2000 2024-21314 25/06/2024 25/06/2024 Open Shelf